[Event "ONJK 2018 C"]
[Site "Borne, Netherlands"]
[Date "2018.08.08"]
[Round "5.6"]
[White "Albers, Sasa"]
[Black "Li-Behn, Tobias"]
[Result "1-0"]
[WhiteElo "1713"]
[BlackElo "1344"]
[PlyCount "67"]
[EventDate "2018.??.??"]

1. e4 c6 2. d4 d5 3. exd5 cxd5 4. Bd3 Nc6 5. c3 g6 6. Nf3 Bg7 7. O-O e6 8. Nbd2
Nge7 9. Re1 O-O 10. Nf1 Nf5 11. Bf4 Nh4 12. Nxh4 Qxh4 13. Qd2 Qe7 14. Bh6 f6
15. h4 f5 16. Bxg7 Kxg7 17. h5 f4 18. hxg6 hxg6 19. Nh2 Qg5 20. Nf3 Qh5 21. Kf1
Bd7 22. Bb5 Qh1+ 23. Ke2 Qxg2 24. Rg1 Qh3 25. Bd3 e5 26. Rxg6+ Kf7 27. Ng5+ Ke7
28. Nxh3 f3+ 29. Kd1 Bxh3 30. Qg5+ Kd7 31. Rg7+ Kd6 32. dxe5+ Nxe5 33. Qe7+ Kc6
34. Qc7# 1-0

[Event "ONJK 2018 C"]
[Site "Borne, Netherlands"]
[Date "2018.08.08"]
[Round "5.7"]
[White "Verheij, Dana"]
[Black "Goudriaan, Rafael"]
[Result "0-1"]
[WhiteElo "1479"]
[BlackElo "1656"]
[PlyCount "84"]
[EventDate "2018.??.??"]

1. e4 e6 2. d4 d5 3. exd5 exd5 4. c4 c6 5. Nc3 Nf6 6. Bf4 Bb4 7. a3 Bxc3+ 8.
bxc3 O-O 9. Nf3 Bg4 10. Be2 dxc4 11. Bxc4 Nd5 12. Bd2 Re8+ 13. Be2 Qe7 14. O-O
Qxe2 15. Re1 Qxd1 16. Raxd1 Nd7 17. Rb1 N7b6 18. Ne5 Bf5 19. Rb3 f6 20. Nf3
Rxe1+ 21. Bxe1 Re8 22. h3 Be4 23. Bd2 Bxf3 24. gxf3 Re2 25. Rb2 Nc4 26. Rxb7
Nxd2 27. Kg2 Nxc3 28. Rxa7 Nb5 29. Ra8+ Kf7 30. a4 Nxd4 31. a5 Nc4 32. a6 Nb5
33. Rc8 Na5 34. Rd8 Re7 35. f4 Ra7 36. f5 c5 37. Rc8 Rc7 38. Rb8 Na7 39. Rd8 c4
40. Rd2 c3 41. Rc2 Nb3 42. Kf3 Nd4+ 0-1

[Event "ONJK 2018 C"]
[Site "Borne, Netherlands"]
[Date "2018.08.08"]
[Round "5.8"]
[White "Hubers, Daan"]
[Black "De Zoeten, Cato"]
[Result "0-1"]
[WhiteElo "1567"]
[BlackElo "1472"]
[PlyCount "120"]
[EventDate "2018.??.??"]

1. c3 d5 2. d4 Nf6 3. g3 e6 4. Na3 c5 5. Bf4 Qb6 6. e3 Bd7 7. Qb3 c4 8. Qxb6
axb6 9. Nc2 Nc6 10. Nf3 Be7 11. Bg2 O-O 12. O-O Ra6 13. b4 b5 14. a3 Rfa8 15.
Ne5 Be8 16. Nxc6 Bxc6 17. h3 Nd7 18. Rfc1 g5 19. Bxg5 Bxg5 20. h4 Bf6 21. f4
Kh8 22. Kf2 Rg8 23. Bf3 Nb6 24. Bd1 Raa8 25. h5 h6 26. Bf3 Na4 27. Ne1 Rg7 28.
g4 Bh4+ 29. Ke2 Rag8 30. Kd2 f5 31. gxf5 exf5 32. Be2 Re7 33. Nf3 Bf6 34. Ne5
Bxe5 35. fxe5 Reg7 36. Rf1 Rg5 37. Rf4 Bd7 38. Raf1 Rg2 39. R1f2 Rg1 40. Rf1
R8g2 41. e4 dxe4 42. Rxg1 Rxg1 43. d5 Rg5 44. e6 Be8 45. d6 Nb6 46. Ke3 Kg7 47.
a4 bxa4 48. Kd4 Kf6 49. Kc5 Kxe6 50. Kxb6 Kxd6 51. Bxc4 Bxh5 52. Kxb7 e3 53.
Rd4+ Ke7 54. b5 e2 55. Bxe2 Bxe2 56. b6 Rg3 57. Rd5 Bf3 58. c4 Bxd5+ 59. cxd5
Rb3 60. Kc7 Rxb6 0-1

[Event "ONJK 2018 C"]
[Site "Borne, Netherlands"]
[Date "2018.08.08"]
[Round "5.9"]
[White "Beukema, Constantijn"]
[Black "Nielsen, Philip"]
[Result "1-0"]
[WhiteElo "1758"]
[BlackElo "1432"]
[PlyCount "33"]
[EventDate "2018.??.??"]

1. e4 c5 2. d4 cxd4 3. c3 dxc3 4. Nxc3 Nc6 5. Nf3 d6 6. Bc4 e6 7. O-O Nf6 8.
Qe2 a6 9. Rd1 Be7 10. e5 Ng8 11. Bf4 d5 12. Bxd5 exd5 13. Nxd5 Qa5 14. e6 Bd8
15. Ne5 Nxe5 16. Qxe5 Nf6 17. e7 1-0

[Event "ONJK 2018 C"]
[Site "Borne, Netherlands"]
[Date "2018.08.08"]
[Round "5.10"]
[White "Hatzmann, Mirthe"]
[Black "De Rycke, Tyani"]
[Result "1/2-1/2"]
[WhiteElo "1378"]
[BlackElo "1766"]
[PlyCount "40"]
[EventDate "2018.??.??"]

1. e4 c5 2. Nc3 e6 3. g3 Nc6 4. Nf3 Nf6 5. Bg2 d5 6. exd5 exd5 7. d4 Bg4 8. Be3
Qd7 9. O-O Be7 10. Re1 O-O 11. Ne2 c4 12. Ne5 Qf5 13. Nxg4 Qxg4 14. Nf4 Qxd1
15. Raxd1 Rfd8 16. c3 b5 17. Rb1 a5 18. b3 cxb3 19. Rxb3 b4 20. Rbb1 a4 1/2-1/2

[Event "ONJK 2018 C"]
[Site "Borne, Netherlands"]
[Date "2018.08.08"]
[Round "5.11"]
[White "Klein, Lucas"]
[Black "De Heij, Mees"]
[Result "1-0"]
[WhiteElo "1515"]
[BlackElo "1516"]
[PlyCount "105"]
[EventDate "2018.??.??"]

1. d4 d5 2. c4 c6 3. Nc3 Nf6 4. Nf3 Bf5 5. Bf4 Nbd7 6. e3 e6 7. Be2 Bb4 8. Qb3
Qa5 9. O-O O-O 10. Nh4 Bxc3 11. Qxc3 Qxc3 12. bxc3 Bg4 13. f3 Bh5 14. g4 Bg6
15. Nxg6 hxg6 16. cxd5 cxd5 17. c4 Rac8 18. Bd6 Rfe8 19. c5 b6 20. Ba6 bxc5 21.
Bxc8 Rxc8 22. Rfc1 Rc6 23. Bxc5 Ra6 24. Rc3 e5 25. h3 g5 26. dxe5 Nxe5 27. Kf2
Rc6 28. Bd4 Nc4 29. Bxf6 Rxf6 30. e4 Nd6 31. e5 Ne4+ 32. Kg2 Nxc3 33. exf6 gxf6
34. a3 Kf8 35. Rc1 d4 36. Kf2 Ke7 37. Ke1 Ke6 38. Kd2 Ke5 39. Re1+ Kf4 40. Kd3
Kxf3 41. Rf1+ Kg3 42. Rxf6 Kxh3 43. Kxd4 Nb5+ 44. Kc5 Nxa3 45. Rf3+ Kxg4 46.
Rxa3 f5 47. Kd4 Kf4 48. Kd3 g4 49. Ke2 g3 50. Ra4+ Kg5 51. Kf3 a6 52. Kxg3 a5
53. Rxa5 1-0

[Event "ONJK 2018 C"]
[Site "Borne, Netherlands"]
[Date "2018.08.08"]
[Round "5.12"]
[White "De Jong, Mats"]
[Black "Tiggelman, Vincent"]
[Result "1/2-1/2"]
[WhiteElo "1600"]
[BlackElo "1376"]
[PlyCount "61"]
[EventDate "2018.??.??"]

1. d4 c6 2. c4 d5 3. Nf3 e6 4. Nc3 Nf6 5. Bg5 Nbd7 6. e3 Qa5 7. a3 Bd6 8. cxd5
exd5 9. Bd3 Ne4 10. Bxe4 dxe4 11. Nd2 Qxg5 12. O-O Qh6 13. h3 Nf6 14. Ncxe4 Bc7
15. Rc1 Nxe4 16. Nxe4 Qg6 17. Qf3 O-O 18. Ng3 Be6 19. b4 Rfe8 20. b5 Bd5 21.
Qe2 Bxg3 22. fxg3 Qxg3 23. Rc3 cxb5 24. Qd2 g6 25. e4 Qd6 26. exd5 Qxd5 27. Rc5
Qd7 28. d5 Re5 29. Qf4 Rxd5 30. Rc7 Qf5 31. Qe3 1/2-1/2

[Event "ONJK 2018 C"]
[Site "Borne, Netherlands"]
[Date "2018.08.08"]
[Round "5.13"]
[White "Westerhof, Jannes"]
[Black "Decruyenaere, Laura"]
[Result "1/2-1/2"]
[WhiteElo "1737"]
[BlackElo "1293"]
[PlyCount "67"]
[EventDate "2018.??.??"]

1. e4 e5 2. Nf3 Nc6 3. d4 exd4 4. Nxd4 Bc5 5. Be3 Qf6 6. c3 Nge7 7. Nd2 Nxd4 8.
cxd4 Bxd4 9. Bxd4 Qxd4 10. b3 O-O 11. Bc4 d5 12. exd5 Nxd5 13. O-O Re8 14. Re1
Bg4 15. Qc2 Nb4 16. Bxf7+ Kxf7 17. Qc4+ Qxc4 18. Nxc4 Nc2 19. Rxe8 Rxe8 20. Rc1
Nd4 21. Rb1 b6 22. f3 Bf5 23. Rd1 Ne2+ 24. Kf2 Nc3 25. Rd2 Bb1 26. a3 Kf6 27.
Ne3 Bg6 28. a4 Ke7 29. Nc4 Rd8 30. Rxd8 Kxd8 31. Ke3 Bf7 32. Nd2 Kd7 33. Kd3
Nd5 34. g3 1/2-1/2

[Event "ONJK 2018 C"]
[Site "Borne, Netherlands"]
[Date "2018.08.08"]
[Round "5.14"]
[White "Borgelioen, Elise"]
[Black "DHaenens, Leon"]
[Result "0-1"]
[WhiteElo "1308"]
[BlackElo "1565"]
[PlyCount "74"]
[EventDate "2018.??.??"]

1. e4 c5 2. Nf3 e6 3. Nc3 a6 4. Be2 Qc7 5. d3 d6 6. O-O Nd7 7. Be3 Ngf6 8. Bf4
Be7 9. Qd2 O-O 10. Rfe1 b5 11. Nd1 Bb7 12. c3 Rad8 13. b3 Ne5 14. Nb2 Ng6 15.
Rad1 Nxf4 16. Qxf4 Qa5 17. Ra1 Qxc3 18. Reb1 Qa5 19. Rc1 h6 20. h4 Qb4 21. g3
d5 22. Bd1 dxe4 23. a3 Qa5 24. dxe4 Bxe4 25. Be2 Bg6 26. Ne5 Bd6 27. Nbd3 Bxd3
28. Bxd3 Bxe5 29. Qxe5 Rxd3 30. Qxc5 Rxb3 31. Rd1 Qc3 32. Qd6 Qf3 33. Rf1 Qb7
34. Qd1 Rc3 35. Qd2 Rfc8 36. Rfb1 Rc2 37. Qe3 Ng4 0-1

[Event "ONJK 2018 C"]
[Site "Borne, Netherlands"]
[Date "2018.08.08"]
[Round "5.15"]
[White "Yannopapas, Leontios"]
[Black "Maris, Lauri"]
[Result "1-0"]
[WhiteElo "1276"]
[BlackElo "1510"]
[PlyCount "55"]
[EventDate "2018.??.??"]

1. c4 e5 2. g3 Bc5 3. Bg2 Nf6 4. Nc3 d6 5. e3 Nc6 6. Nge2 O-O 7. O-O Bd7 8. d4
exd4 9. exd4 Bb4 10. a3 Bxc3 11. Nxc3 h6 12. Be3 Qc8 13. Qd2 Kh7 14. Rae1 Bh3
15. f4 Bxg2 16. Kxg2 Ng4 17. f5 Nxe3+ 18. Rxe3 f6 19. Re4 Re8 20. Rh4 Kg8 21.
Nd5 Qd8 22. Rg4 Kh7 23. Rg6 Rf8 24. Rf4 Rf7 25. Rh4 Rd7 26. Qxh6+ Kg8 27. Qh8+
Kf7 28. Rxg7# 1-0

[Event "ONJK 2018 C"]
[Site "Borne, Netherlands"]
[Date "2018.08.08"]
[Round "5.16"]
[White "Naessens, Wolf"]
[Black "Krohmer, Eric"]
[Result "1-0"]
[WhiteElo "1456"]
[BlackElo "1210"]
[PlyCount "39"]
[EventDate "2018.??.??"]

1. e4 c6 2. d4 d5 3. exd5 cxd5 4. Nf3 Nf6 5. Bd3 Nc6 6. O-O Bg4 7. c3 e6 8. h3
Bxf3 9. Qxf3 Be7 10. Qg3 g6 11. Re1 O-O 12. Bh6 Re8 13. Nd2 Bf8 14. Bg5 Bg7 15.
Qh4 Nb8 16. Nf3 Nbd7 17. Ne5 Re7 18. Bb5 Nb6 19. Bxf6 Bxf6 20. Qxf6 1-0

[Event "ONJK 2018 C"]
[Site "Borne, Netherlands"]
[Date "2018.08.08"]
[Round "5.17"]
[White "Weidemann, Jakob"]
[Black "Smeets, Kobe"]
[Result "1/2-1/2"]
[WhiteElo "1212"]
[BlackElo "1437"]
[PlyCount "38"]
[EventDate "2018.??.??"]

1. e4 c5 2. Nf3 d6 3. d4 cxd4 4. Nxd4 Nf6 5. Nc3 a6 6. Bc4 e6 7. Bb3 Be7 8. Qe2
Nbd7 9. Bd2 b5 10. Nc6 Qc7 11. Nxe7 Kxe7 12. O-O Re8 13. a3 Kf8 14. Rfe1 Bb7
15. f3 Rac8 16. Qf2 Nc5 17. Ba2 Red8 18. Be3 Qe7 19. Rad1 Rc7 1/2-1/2

[Event "ONJK 2018 C"]
[Site "Borne, Netherlands"]
[Date "2018.08.08"]
[Round "5.18"]
[White "Visser, Barto"]
[Black "Maes, Zayd"]
[Result "1/2-1/2"]
[WhiteElo "1054"]
[BlackElo "1379"]
[PlyCount "78"]
[EventDate "2018.??.??"]

1. e4 c5 2. Nf3 d6 3. Nc3 Nc6 4. d4 cxd4 5. Nxd4 Bd7 6. Bc4 e6 7. O-O Be7 8.
Nxc6 Bxc6 9. Qf3 Nf6 10. Bf4 d5 11. exd5 Nxd5 12. Bxd5 exd5 13. Rad1 d4 14. Qg4
Rg8 15. Rfe1 Bd7 16. Qg5 Kf8 17. Nd5 Be6 18. Nxe7 Qxe7 19. Rxd4 Qxg5 20. Bxg5
Rc8 21. Red1 f6 22. Rd8+ Rxd8 23. Rxd8+ Ke7 24. Rxg8 Bxg8 25. Be3 Bxa2 26. Bxa7
Kd6 27. Kf1 Bb1 28. c3 Kd5 29. Ke2 Kc4 30. Bd4 Kb3 31. Ke3 Kxb2 32. c4+ Kb3 33.
c5 Kc4 34. g4 Kd5 35. f4 h6 36. h4 Bc2 37. g5 hxg5 38. hxg5 fxg5 39. fxg5 g6
1/2-1/2

[Event "ONJK 2018 C"]
[Site "Borne, Netherlands"]
[Date "2018.08.08"]
[Round "5.19"]
[White "Joosse, Zofyra"]
[Black "Decruyenaere, Victor"]
[Result "1/2-1/2"]
[WhiteElo "1204"]
[BlackElo "1356"]
[PlyCount "40"]
[EventDate "2018.??.??"]

1. d4 d5 2. c4 e6 3. Nc3 Nf6 4. Nf3 Nbd7 5. e3 Bb4 6. Qc2 O-O 7. cxd5 Nxd5 8.
Bd3 N7f6 9. O-O h6 10. a3 Be7 11. b4 Bd7 12. Bb2 a6 13. Rac1 Rc8 14. h3 Nxc3
15. Qxc3 Nd5 16. Qc2 Qe8 17. Rfe1 Ba4 18. Qe2 Bb3 19. Nd2 Ba4 20. Nf3 Bf6
1/2-1/2

[Event "ONJK 2018 C"]
[Site "Borne, Netherlands"]
[Date "2018.08.08"]
[Round "5.20"]
[White "Van Lindt, Raffael"]
[Black "Kretschmer, Sven"]
[Result "1/2-1/2"]
[WhiteElo "1182"]
[BlackElo "1340"]
[PlyCount "56"]
[EventDate "2018.??.??"]

1. e4 e5 2. Nf3 Nc6 3. Bc4 Bc5 4. Nc3 Nf6 5. d3 d6 6. Bg5 O-O 7. Nd5 Bg4 8. c3
a6 9. Nxf6+ gxf6 10. Bh6 Re8 11. Qd2 Bxf3 12. gxf3 Kh8 13. Bxf7 Re7 14. Bd5 Qd7
15. f4 Qg4 16. fxe5 fxe5 17. Qe2 Qg2 18. O-O-O Qxf2 19. Qxf2 Bxf2 20. Rhf1 Bh4
21. Rf3 Ree8 22. Rg1 Re7 23. Rf8+ Rxf8 24. Bxf8 h5 25. Bxe7 Bxe7 26. Bxc6 bxc6
27. Kd2 Kh7 28. Rg2 Bf8 1/2-1/2

[Event "ONJK 2018 C"]
[Site "Borne, Netherlands"]
[Date "2018.08.09"]
[Round "6.1"]
[White "Mainka, Alwin"]
[Black "Labruyere, Roger"]
[Result "1-0"]
[WhiteElo "1631"]
[BlackElo "1733"]
[PlyCount "79"]
[EventDate "2018.??.??"]

1. e4 c6 2. d4 d5 3. Nd2 dxe4 4. Nxe4 Bf5 5. Ng3 Bg6 6. Nf3 Nd7 7. c3 Ngf6 8.
Be2 e6 9. b3 Be7 10. Bb2 O-O 11. O-O Rc8 12. c4 c5 13. Ne5 Qc7 14. Nxg6 hxg6
15. Rc1 Rfd8 16. Qc2 cxd4 17. Bxd4 Bc5 18. Bb2 Re8 19. Bf3 Rcd8 20. Rfd1 Qb8
21. a3 Ne5 22. Qe2 Nxf3+ 23. Qxf3 e5 24. Ne4 Nxe4 25. Qxe4 Bd4 26. Bxd4 exd4
27. Qd3 Qe5 28. h3 a5 29. b4 axb4 30. axb4 Re6 31. c5 Re7 32. Rc4 Red7 33. b5
Rd5 34. c6 Rxb5 35. c7 Rc8 36. Qxd4 Qe6 37. Rcc1 Ra5 38. Qb4 Ra7 39. Rd8+ Kh7
40. Qh4# 1-0

[Event "ONJK 2018 C"]
[Site "Borne, Netherlands"]
[Date "2018.08.09"]
[Round "6.2"]
[White "De Vries, Fabian"]
[Black "Bleeker, Kasper"]
[Result "1-0"]
[WhiteElo "1600"]
[BlackElo "1897"]
[PlyCount "145"]
[EventDate "2018.??.??"]

1. d4 d5 2. c4 c6 3. Nc3 Nf6 4. Nf3 e6 5. Bg5 Nbd7 6. e3 Qa5 7. Bd3 Ne4 8. Bxe4
dxe4 9. Ne5 Bb4 10. Qd2 Nb6 11. Bh4 f6 12. c5 Na4 13. Nc4 Nxc3 14. bxc3 Bxc3
15. Nxa5 Bxd2+ 16. Kxd2 O-O 17. Nc4 e5 18. Nd6 exd4 19. exd4 Rd8 20. Rhe1 g5
21. Bg3 f5 22. Be5 b6 23. Bf6 Rd7 24. Nxf5 Kf7 25. Be5 bxc5 26. Rxe4 Ke6 27.
Ne3 cxd4 28. Bxd4+ Kf7 29. Nc4 Kg8 30. Kc3 Ba6 31. Rae1 Bxc4 32. Kxc4 Kf7 33.
Bc5 Rd2 34. R1e2 Rd1 35. g4 Rc1+ 36. Kd3 Rxc5 37. Re7+ Kg8 38. R2e5 Rd8+ 39.
Ke2 Rxe5+ 40. Rxe5 Rd5 41. Re6 Ra5 42. Rxc6 Rxa2+ 43. Ke3 a5 44. Ra6 a4 45. Kd3
Kf7 46. f3 Ke7 47. Ra7+ Kd6 48. Rxh7 a3 49. Ra7 Ra1 50. Ke4 a2 51. Kf5 Rf1 52.
Rxa2 Rxf3+ 53. Kxg5 Rh3 54. Kf4 Ke6 55. g5 Rb3 56. h4 Rb4+ 57. Kg3 Kf5 58. Rf2+
Ke6 59. g6 Rb1 60. h5 Rg1+ 61. Kh4 Ke7 62. Rf7+ Ke8 63. Rf4 Ke7 64. Rf7+ Ke8
65. Rf4 Ke7 66. Rg4 Rh1+ 67. Kg5 Kf8 68. h6 Rh2 69. Rf4+ Kg8 70. h7+ Kg7 71.
Rf7+ Kh8 72. Rf8+ Kg7 73. Rg8# 1-0

[Event "ONJK 2018 C"]
[Site "Borne, Netherlands"]
[Date "2018.08.09"]
[Round "6.3"]
[White "Rogge, Parcival"]
[Black "Baselmans, Daan"]
[Result "1-0"]
[WhiteElo "1728"]
[BlackElo "1630"]
[PlyCount "99"]
[EventDate "2018.??.??"]

1. e4 e6 2. d4 d5 3. Nc3 Nf6 4. e5 Nfd7 5. f4 c5 6. Nf3 Qb6 7. Na4 Qa5+ 8. c3
b5 9. Nxc5 Nxc5 10. dxc5 b4 11. a3 bxc3 12. b4 Qc7 13. Qb3 Be7 14. Bb5+ Bd7 15.
Bxd7+ Nxd7 16. Qxc3 O-O 17. Nd4 Rab8 18. O-O a5 19. Be3 Rfc8 20. Rfc1 axb4 21.
axb4 Nf8 22. Ra6 Qb7 23. Ra4 f6 24. Rca1 fxe5 25. fxe5 Bd8 26. c6 Qe7 27. Rb1
Bc7 28. Nf3 Ng6 29. Ra7 Qf8 30. Rb2 Qf5 31. Bd4 Nf4 32. b5 Rxb5 33. Rb7 Rxb2
34. Qxb2 Qd3 35. Kf2 Qg6 36. Kg1 Qd3 37. Rxc7 Qd1+ 38. Kf2 Nd3+ 39. Kg3 Nxb2
40. Rxc8+ Kf7 41. Bxb2 Qc2 42. c7 Qg6+ 43. Kf2 Qc2+ 44. Kg3 Qg6+ 45. Kh3 Qf5+
46. Kh4 Qf4+ 47. g4 Kg6 48. Re8 h5 49. Rxe6+ Kh7 50. Ng5+ 1-0

[Event "ONJK 2018 C"]
[Site "Borne, Netherlands"]
[Date "2018.08.09"]
[Round "6.4"]
[White "Goudriaan, Rafael"]
[Black "Albers, Sasa"]
[Result "1/2-1/2"]
[WhiteElo "1656"]
[BlackElo "1713"]
[PlyCount "46"]
[EventDate "2018.??.??"]

1. e4 c5 2. Nc3 d6 3. f4 e6 4. Nf3 Nd7 5. Bb5 a6 6. Bxd7+ Bxd7 7. d4 cxd4 8.
Qxd4 Bc6 9. Be3 Nf6 10. O-O Be7 11. h3 O-O 12. Rad1 Qc7 13. Qd3 d5 14. e5 Ne4
15. Nd4 Nxc3 16. Qxc3 g6 17. g4 Rac8 18. Nxc6 Qxc6 19. Qxc6 Rxc6 20. c3 Bc5 21.
Bxc5 Rxc5 22. Rd4 Rfc8 23. Rfd1 Rc4 1/2-1/2

[Event "ONJK 2018 C"]
[Site "Borne, Netherlands"]
[Date "2018.08.09"]
[Round "6.5"]
[White "De Zoeten, Cato"]
[Black "Slagboom, Leandro"]
[Result "0-1"]
[WhiteElo "1472"]
[BlackElo "1632"]
[PlyCount "106"]
[EventDate "2018.??.??"]

1. e4 c5 2. Nf3 d6 3. d4 cxd4 4. Nxd4 Nf6 5. Nc3 a6 6. h3 e5 7. Nb3 h5 8. Bg5
Nbd7 9. Qd2 Be7 10. O-O-O Qc7 11. Be2 b5 12. g4 Bb7 13. f3 b4 14. Nd5 Bxd5 15.
exd5 Rc8 16. Bxa6 Ne4 17. Bxc8 Nxd2 18. Bxd7+ Qxd7 19. Bxd2 Qb7 20. Be3 Qa6 21.
Kb1 Qe2 22. Bc1 Qxf3 23. g5 h4 24. Na5 Rh5 25. Nc6 Qe4 26. Rhe1 Qc4 27. b3 Qc5
28. Re4 Bxg5 29. Bxg5 Rxg5 30. Rxb4 f5 31. a4 f4 32. a5 f3 33. Rg4 Rxg4 34.
hxg4 f2 35. c4 e4 36. a6 e3 37. Nd4 Qxd4 38. Rxd4 f1=Q+ 39. Kc2 Qa1 40. Re4+
Kd7 41. Rxe3 Qxa6 42. Rh3 g5 43. Rf3 Qa2+ 44. Kc3 Qe2 45. Rf7+ Ke8 46. Rh7 Qxg4
47. b4 Qg3+ 48. Kb2 h3 49. b5 h2 50. b6 Qg2+ 51. Kc3 h1=Q 52. Rxh1 Qxh1 53. Kc2
Qh7+ 0-1

[Event "ONJK 2018 C"]
[Site "Borne, Netherlands"]
[Date "2018.08.09"]
[Round "6.6"]
[White "De Putter, Nina"]
[Black "Beukema, Constantijn"]
[Result "1-0"]
[WhiteElo "1621"]
[BlackElo "1758"]
[PlyCount "135"]
[EventDate "2018.??.??"]

1. e4 e5 2. Nc3 Nc6 3. f4 Bc5 4. Nf3 d6 5. Bc4 Nf6 6. h3 O-O 7. f5 Nd4 8. d3
Nxf3+ 9. Qxf3 h6 10. Bd2 c6 11. O-O-O d5 12. Bb3 Be7 13. g4 d4 14. Ne2 Nh7 15.
Qg3 Bf6 16. h4 Re8 17. g5 hxg5 18. hxg5 Bxg5 19. Bxf7+ Kxf7 20. Rxh7 Bxd2+ 21.
Kxd2 Qf6 22. Rg1 Rg8 23. Qg6+ Qxg6 24. Rxg6 Bd7 25. Ng3 Be8 26. Re6 Bd7 27.
Rxe5 Rh8 28. Rxh8 Rxh8 29. Ra5 Rh2+ 30. Ne2 a6 31. Ra4 c5 32. Ra5 b6 33. Rxa6
g6 34. Ra7 Ke8 35. Ke1 gxf5 36. exf5 Bxf5 37. Rb7 Bg4 38. Ng3 Rxc2 39. Rxb6 Kd7
40. a4 Rg2 41. Ne4 Kc7 42. a5 Rg1+ 43. Kf2 Ra1 44. Rb5 Bd7 45. Rxc5+ Bc6 46. b4
Kb7 47. Nd6+ Kc7 48. b5 Kxd6 49. Rxc6+ Kd7 50. a6 Ra5 51. Rb6 Kc7 52. Rb7+ Kc8
53. Kf3 Ra3 54. Ke4 Ra1 55. Kxd4 Rh1 56. Kc4 Rh6 57. d4 Rg6 58. d5 Rh6 59. Kc5
Rg6 60. d6 Rg5+ 61. Kc6 Rg6 62. Rc7+ Kb8 63. b6 Rg8 64. a7+ Ka8 65. b7+ Kxa7
66. Rc8 Rxc8+ 67. bxc8=R Ka6 68. Ra8# 1-0

[Event "ONJK 2018 C"]
[Site "Borne, Netherlands"]
[Date "2018.08.09"]
[Round "6.7"]
[White "DHaenens, Leon"]
[Black "Klein, Lucas"]
[Result "1-0"]
[WhiteElo "1565"]
[BlackElo "1515"]
[PlyCount "57"]
[EventDate "2018.??.??"]

1. c4 Nf6 2. g3 e6 3. Bg2 d5 4. b3 Be7 5. Nf3 O-O 6. O-O c6 7. Bb2 Nbd7 8. d3
Nb6 9. Na3 a5 10. Nc2 a4 11. Qd2 Qc7 12. Rfc1 Nbd7 13. Ne3 axb3 14. axb3 Rxa1
15. Bxa1 Qb6 16. Rb1 Nc5 17. Bd4 e5 18. Bxe5 Qa6 19. Bc3 Be6 20. Qb2 Rd8 21.
Bd4 h6 22. Ra1 Qb6 23. b4 Nfd7 24. bxc5 Qxb2 25. Bxb2 Nxc5 26. cxd5 Bxd5 27.
Nxd5 Rxd5 28. Ra7 Bf8 29. d4 1-0

[Event "ONJK 2018 C"]
[Site "Borne, Netherlands"]
[Date "2018.08.09"]
[Round "6.8"]
[White "De Rycke, Tyani"]
[Black "Den Heijer, Rolinde"]
[Result "1-0"]
[WhiteElo "1766"]
[BlackElo "1391"]
[PlyCount "101"]
[EventDate "2018.??.??"]

1. e4 c5 2. Nc3 Nc6 3. g3 g6 4. Bg2 Bg7 5. d3 Nf6 6. Be3 d6 7. h3 Rb8 8. Qd2
Bd7 9. Nge2 Qb6 10. Nd1 Be6 11. O-O Qc7 12. f4 O-O 13. g4 Qc8 14. f5 Bd7 15.
Ng3 Ne5 16. c3 Bb5 17. Nf2 Qd7 18. g5 Ne8 19. h4 Nc7 20. Rfe1 d5 21. Bxc5 dxe4
22. f6 Bh8 23. Bxe7 Rfe8 24. d4 Nc4 25. Qf4 e3 26. Ng4 Bg7 27. fxg7 Qxe7 28.
Nf6+ Kxg7 29. Nxe8+ Rxe8 30. b3 Nb2 31. c4 Bd7 32. Qxc7 Nd3 33. Qxb7 Nxe1 34.
Rxe1 Qd6 35. Ne2 Bg4 36. Qc6 Qb4 37. Rf1 Re6 38. Qd7 Bf5 39. h5 Kf8 40. Qc8+
Re8 41. Qc5+ Qxc5 42. dxc5 Bg4 43. Bf3 Bxh5 44. Bxh5 gxh5 45. Rd1 Re4 46. c6
Re8 47. Kg2 Kg7 48. Kf3 Kg6 49. Kf4 h4 50. Rd6+ Kh5 51. Rh6# 1-0

[Event "ONJK 2018 C"]
[Site "Borne, Netherlands"]
[Date "2018.08.09"]
[Round "6.9"]
[White "Tiggelman, Vincent"]
[Black "Hubers, Daan"]
[Result "1-0"]
[WhiteElo "1376"]
[BlackElo "1567"]
[PlyCount "45"]
[EventDate "2018.??.??"]

1. e4 c5 2. Nc3 Nc6 3. Bc4 e6 4. d3 g6 5. f4 Nge7 6. Nf3 Bg7 7. O-O O-O 8. Qe1
a6 9. a3 d6 10. Qg3 b5 11. Ba2 Rb8 12. h4 Nd4 13. Nxd4 Bxd4+ 14. Kh1 h5 15. Ne2
Bg7 16. Bd2 Bxb2 17. Rab1 Bxa3 18. f5 exf5 19. exf5 Nxf5 20. Qxg6+ Ng7 21.
Bxf7+ Rxf7 22. Rxf7 Qxh4+ 23. Kg1 1-0

[Event "ONJK 2018 C"]
[Site "Borne, Netherlands"]
[Date "2018.08.09"]
[Round "6.10"]
[White "Li-Behn, Tobias"]
[Black "Van Kuijk, Vadim"]
[Result "0-1"]
[WhiteElo "1344"]
[BlackElo "1545"]
[PlyCount "66"]
[EventDate "2018.??.??"]

1. e4 c5 2. Nf3 Nc6 3. g3 d6 4. Bg2 e5 5. d3 Be7 6. a3 Nf6 7. Nbd2 O-O 8. O-O
Be6 9. h3 Qd7 10. Ng5 h6 11. Nxe6 Qxe6 12. Nf3 Nh7 13. Bd2 Kh8 14. Qe2 f5 15.
exf5 Rxf5 16. c3 Qd7 17. Nh4 Bxh4 18. gxh4 Nf6 19. f4 Re8 20. Be4 Nxe4 21. dxe4
exf4 22. Rxf4 Rxf4 23. Bxf4 Qxh3 24. Qh5 Rxe4 25. Rf1 Rxf4 26. Rxf4 Qg3+ 27.
Kh1 Qxf4 28. Qe8+ Kh7 29. h5 Ne5 30. Qe7 Qc1+ 31. Kg2 Qxb2+ 32. Kg3 Qxc3+ 33.
Kf4 Qf3# 0-1

[Event "ONJK 2018 C"]
[Site "Borne, Netherlands"]
[Date "2018.08.09"]
[Round "6.11"]
[White "John, Niklas"]
[Black "Verheij, Dana"]
[Result "1/2-1/2"]
[WhiteElo "1327"]
[BlackElo "1479"]
[PlyCount "47"]
[EventDate "2018.??.??"]

1. e4 c5 2. Nf3 d6 3. d4 cxd4 4. Nxd4 Nf6 5. Nc3 a6 6. Be3 e5 7. Nf3 Be6 8. Bd3
Be7 9. Qd2 O-O 10. h3 Nbd7 11. g4 d5 12. g5 d4 13. gxf6 dxe3 14. Qxe3 Bxf6 15.
O-O-O Qc7 16. Rdg1 Rac8 17. Rg3 Nc5 18. Rhg1 Nxd3+ 19. cxd3 b5 20. Rxg7+ Bxg7
21. Rxg7+ Kxg7 22. Qg5+ Kh8 23. Qf6+ Kg8 24. Qg5+ 1/2-1/2

[Event "ONJK 2018 C"]
[Site "Borne, Netherlands"]
[Date "2018.08.09"]
[Round "6.12"]
[White "Wiggers, Yannick"]
[Black "Naessens, Wolf"]
[Result "1/2-1/2"]
[WhiteElo "1316"]
[BlackElo "1456"]
[PlyCount "70"]
[EventDate "2018.??.??"]

1. e4 e5 2. Nf3 Nc6 3. d4 exd4 4. Nxd4 Bb4+ 5. c3 Bc5 6. Bc4 Nf6 7. Nxc6 bxc6
8. e5 Qe7 9. Qe2 Nd5 10. O-O O-O 11. Nd2 Re8 12. Re1 Nb6 13. Bd3 Nd5 14. Nb3
Bb6 15. Nd4 Bxd4 16. cxd4 d6 17. exd6 Qxe2 18. Rxe2 Rxe2 19. Bxe2 cxd6 20. Bf3
Be6 21. b3 a5 22. Bd2 a4 23. b4 a3 24. Rb1 Ne7 25. Bc1 Bxa2 26. Ra1 Bd5 27.
Bxd5 Nxd5 28. Rxa3 Rxa3 29. Bxa3 f5 30. Kf1 Kf7 31. g3 Kf6 32. Ke2 Kg5 33. Kf3
h6 34. Bc1+ Kf6 35. Bd2 Ke6 1/2-1/2

[Event "ONJK 2018 C"]
[Site "Borne, Netherlands"]
[Date "2018.08.09"]
[Round "6.13"]
[White "Nielsen, Philip"]
[Black "Yannopapas, Leontios"]
[Result "0-1"]
[WhiteElo "1432"]
[BlackElo "1276"]
[PlyCount "66"]
[EventDate "2018.??.??"]

1. d4 d5 2. c4 c6 3. e3 Nf6 4. Nc3 Bf5 5. Nf3 e6 6. c5 h6 7. Bd3 Ne4 8. Qc2
Nxc3 9. Qxc3 Bxd3 10. Qxd3 Nd7 11. b4 Be7 12. O-O O-O 13. b5 Bf6 14. bxc6 bxc6
15. Qa6 Qc7 16. Bd2 e5 17. Ba5 Qc8 18. Qe2 e4 19. Nd2 Be7 20. f3 f5 21. fxe4
fxe4 22. Qg4 Nf6 23. Qg3 Bd8 24. Nb3 Bxa5 25. Nxa5 Qa6 26. Nb3 Rf7 27. Rfb1
Raf8 28. Nd2 Qd3 29. Rb2 Ng4 30. Qxg4 Qxe3+ 31. Kh1 Qxd2 32. Rbb1 Qxd4 33. Rc1
Qxa1 0-1

[Event "ONJK 2018 C"]
[Site "Borne, Netherlands"]
[Date "2018.08.09"]
[Round "6.14"]
[White "Smeets, Kobe"]
[Black "Hatzmann, Mirthe"]
[Result "1/2-1/2"]
[WhiteElo "1437"]
[BlackElo "1378"]
[PlyCount "36"]
[EventDate "2018.??.??"]

1. e4 e5 2. Nf3 Nc6 3. Bc4 Bc5 4. c3 Nf6 5. d3 d6 6. O-O h6 7. Bb3 O-O 8. Nbd2
Be6 9. Bc2 Bb6 10. h3 d5 11. Re1 Re8 12. Nf1 dxe4 13. dxe4 Qxd1 14. Rxd1 Rad8
15. Be3 Rd7 16. Bxb6 axb6 17. Rxd7 Nxd7 18. Rd1 Nf6 1/2-1/2